000 00693cam a22002531 4500
001 sa 68006625
003 DLC
005 20260227112517.0
008 891205s1965 ii abc 000 0 hino
010 _asa 68006625
035 _a(OCoLC)20734796
040 _aDLC
_cWaU
_dDLC
042 _apremarc
043 _aa-ii---
050 0 0 _aHD879.C5
_bP7
100 1 _aPrasad, Rajendra,
_d1884-1963.
245 1 0 _aCampārana meṃ Mahātmā Gāndhī.
260 _c[1965]
300 _a26, 374 p.
_billus., fold. map, ports.
_c20 cm.
500 _aIn Hindi.
600 1 0 _aGandhi,
_cMahatma,
_d1869-1948.
650 0 _aLand tenure
_zIndia
_zChamparan.
650 0 _aPeasants
_zIndia
_zChamparan.
999 _c81400
_d81400